| 000 | 00853nam a22001817a 4500 | ||
|---|---|---|---|
| 005 | 20241022111944.0 | ||
| 010 | _aHIN-128516 | ||
| 020 |
_a9789385981883 _c500.00 |
||
| 035 | _aHN-100862 | ||
| 037 | _bDBAD | ||
| 082 | _a821.08 | ||
| 100 |
_aराजेश सिंह _973113 |
||
| 245 |
_aमहाकविकालिदासविरचितम रघुवंशमहाकाव्यम/ _cराजेश सिंह |
||
| 260 |
_aनई दिल्ली _bसत्यम पब्लिशिंग हाउस _c2018 |
||
| 270 |
_aएन-3/25 , मोहन गार्डन , उत्तम नगर _bनई दिल्ली _e110059 _msatyampub_2006@yahoo.com _k011-25358642 _k9968277749 |
||
| 300 |
_a137 पृ. _c21सेमी (सजिल्द) |
||
| 942 |
_cHN _2ddc _h821.08 _mराजेश |
||
| 999 |
_c206491 _d206491 |
||